000 00621nam a2200205 a 4500
005 20240806063805.0
008 141017s2012 mx r 000 0 spa d
020 _a9788493889142
035 _aUPN01000200213
049 _aCG
050 4 _aPQ7798.23 O7.3
_bA7.7
100 1 _aMoratiel, Virginia,
_d1954-
_936208
245 1 0 _aArtimaƱas :
_b11 trampas para cazar lectores desprevenidos /
_cViginia Moratiel.
260 _aMadrid :
_bXorki,
_c2012.
300 _a186 p. :
_bil.
440 0 _aCuentos y leyendas de Ediciones Xorki ;
_v1
650 4 _aCuentos argentinos
_912203
905 _aLibro
999 _c172314
_d172314